Random Animated Movie List - Statistics

General Stats
  • This quiz has been taken 9 times
  • The average score is 94 of 186
Answer Stats
Year 2 Characters Studio Status Subgenre Movie % Correct
2012 MeridaFergus Pixar Standalone Fantasy Brave
100%
2004 NemoDory Pixar Original Adventure Finding Nemo
100%
2014 HiccupToothless DreamWorks Sequel Adventure How to Train Your Dragon 2
100%
2024 RileyAnxiety Pixar Sequel Comedy Inside Out 2
100%
2011 RangoBeans Paramount Pictures Standalone Western Rango
100%
2004 ShrekDonkey DreamWorks Sequel Comedy Shrek 2
100%
2025 Judy HoppsNick Wilde Disney Sequel Comedy Zootopia 2
100%
2009 CarlRussell Pixar Standalone Adventure Up
89%
1992 AladdinJasmine Disney Original Fantasy Aladdin
78%
1991 BelleBeast Disney Original Fantasy Beauty and the Beast
78%
2007 Lightning McQueenMater Pixar Original Sports Cars
78%
2011 Lightning McQueenFinn McMissile Pixar Sequel Action Cars 2
78%
2005 Chicken LittleUgly Duckling Disney Standalone Comedy Chicken Little
78%
2006 Man with the Yellow HatGeorge Universal Pictures Original Family Curious George
78%
1941 DumboTimothy Q. Mouse Disney Original Drama Dumbo
78%
2016 Dory Marlin Pixar Sequel Adventure Finding Dory
78%
2013 ElsaOlaf Disney Original Fantasy Frozen
78%
1997 HerculesHades Disney Standalone Fantasy Hercules
78%
2008 HortonMayor of Whoville 20th Century Fox Standalone Comedy Horton Hears a Who!
78%
2016 MoanaMaui Disney Original Adventure Moana
78%
2024 MoanaMaui Disney Sequel Adventure Moana 2
78%
2002 MikeSullivan Pixar Original Comedy Monsters, Inc.
78%
1998 Mulan Mushu Disney Original Adventure Mulan
78%
1953 Peter PanWendy Darling Disney Original Fantasy Peter Pan
78%
1940 PinocchioGeppetto Disney Standalone Fantasy Pinocchio
78%
2008 RemyLinguini Pixar Standalone Comedy Ratatouille
78%
2001 ShrekDonkey DreamWorks Original Comedy Shrek
78%
2007 ShrekPrince Charming DreamWorks Sequel Comedy Shrek 3 | Shrek the Third
78%
2010 ShrekRumpelstiltskin DreamWorks Sequel Comedy Shrek 4 | Shrek Forever After
78%
1959 Princess AuroraMaleficent Disney Standalone Fantasy Sleeping Beauty
78%
1937 Snow White The Evil Queen Disney Standalone Fantasy Snow White and the Seven Dwarfs | Snow White
78%
1999 TarzanJane Disney Original Adventure Tarzan
78%
1967 Baloo the BearMowgli Disney Original Adventure The Jungle Book
78%
2003 MowgliBaloo the Bear Disney Sequel Adventure The Jungle Book 2
78%
1994 MufasaSimba Disney Original Adventure The Lion King
78%
1989 ArielUrsula Disney Original Fantasy The Little Mermaid
78%
2007 Homer SimpsonBart Simpson 20th Century Fox Standalone Comedy The Simpsons Movie
78%
2008 WALL-EEVE Pixar Standalone Sci-Fi WALL-E
78%
2016 Judy HoppsNick Wilde Disney Original Comedy Zootopia
78%
1998 HopperFlik Pixar Standalone Adventure A Bug's Life
67%
1942 BambiFlower Disney Original Drama Bambi
67%
2008 BoltPenny Disney Standalone Adventure Bolt
67%
2017 Lightning McQueenCruz Ramirez Pixar Sequel Sports Cars 3
67%
1973 CharlotteWilbur Paramount Pictures Standalone Family Charlotte's Web
67%
1950 CinderellaFairy Godmother Disny Original Fantasy Cinderella
67%
2009 Coraline JonesMel Jones Laika Standalone Horror Coraline
67%
2005 Victor Van DortCorpse Bride Warner Bros. Standalone Fantasy Corpse Bride
67%
2010 Gru Vector Illumination Original Comedy Despicable Me
67%
2013 GruLucy Illumination Sequel Comedy Despicable Me 2
67%
2017 GruBalthazar Bratt Illumination Sequel Comedy Despicable Me 3
67%
2024 GruMaxime Illumination Sequel Comedy Despicable Me 4
67%
2021 MirabelLuisa Disney Standalone Fantasy Encanto
67%
1940 The SorcererMickey Mouse Disney Original Musical Fantasia
67%
2019 AnnaElsa Disney Sequel Fantasy Frozen II | Frozen 2
67%
2012 DraculaMavis Sony Original Comedy Hotel Transylvania
67%
2010 HiccupToothless DreamWorks Original Fantasy How to Train Your Dragon
67%
2003 MannySid 20th Century Fox Original Adventure Ice Age
67%
2008 PoTai Lung DreamWorks Original Action Kung Fu Panda
67%
2011 PoLord Shen DreamWorks Sequel Action Kung Fu Panda 2
67%
2016 PoLi Shan DreamWorks Sequel Action Adventure Kung Fu Panda 3
67%
1955 LadyThe Tramp Disney Original Romance Lady and the Tramp
67%
2013 MikeRandy Pixar Prequel Comedy Monsters University
67%
1961 PongoCruella De Vil Disney Original Adventure One Hundred and One Dalmatians | 101 Dalmatians
67%
1995 PocahontasJohn Smith Disney Original Romance Pocahontas
67%
2011 Puss in BootsKitty Softpaws DreamWorks Prequel Adventure Puss in Boots
67%
2022 Puss in BootsKitty Softpaws DreamWorks Sequel Adventure Puss in Boots: The Last Wish | Puss in Boots 2
67%
1973 Robin HoodLittle John Disney Standalone Adventure Robin Hood
67%
2016 Buster MoonRosita Illumination Original Musical Sing
67%
2025 SmurfettePapa Smurf Paramount Pictures Reboot Musical Cmedy Smurfs
67%
2010 RapunzelFlynn Rider Disney Standalone Fantasy Tangled
67%
2018 The GrinchCindy Lou-Who Illumination Standalone Comedy The Grinch
67%
1996 EsmeraldaQuasimodo Disney Original Drama The Hunchback of Notre Dame
67%
2004 Bob ParrHelen Parr Pixar Original Action The Incredibles
67%
2012 The LoraxThe Once-ler Illumination Standalone Comedy The Lorax
67%
1993 Jack SkellingtonSally Disney Standalone Fantasy The Nightmare Before Christmas
67%
2009 TianaPrince Naveen Disney Standalone Fantasy The Princess and the Frog
67%
2007 LeonardoDonatello Warner Bros. Standalone Action TMNT
67%
1995 WoodyBuzz Lightyear Pixar Original Adventure Toy Story
67%
1999 WoodyBuzz Lightyear Pixar Sequel Adventure Toy Story 2
67%
2012 RalphFelix Disney Original Comedy Wreck-It Ralph
67%
1997 AnastasiaDimitri 20th Century Fox Standalone Musical Anastasia
56%
2007 Barry B. BensonVanessa Bloome DreamWorks Standalone Comedy Bee Movie
56%
2014 HiroBaymax Disney Standalone Action Big Hero 6
56%
2017 MiguelHéctor Pixar Standalone Fantasy Coco
56%
2009 Mr. FoxMrs. Fox 20th Century Fox Standalone Comedy Fantastic Mr. Fox
56%
2015 DraculaJonathan Sony Sequel Comedy Hotel Transylvania 2
56%
2019 HiccupToothless DreamWorks Sequel Adventure How to Train Your Dragon: The Hidden World | How to Train Your Dragon 3
56%
2006 MannySid 20th Century Fox Sequel Adventure Ice Age 2 | Ice Age: The Meltdown
56%
2009 MannySid 20th Century Fox Sequel Adventure Ice Age 3 | Ice Age: Dawn of the Dinosaurs
56%
2015 JoyRiley Pixar Original Comedy Inside Out
56%
2022 Buzz LightyearIzzy Hawthorne Pixar Prequel Sci-Fi Lightyear
56%
2021 Luca PaguroAlberto Scorfano Pixar Standalone Coming-of-age Luca
56%
2010 MegamindMetro Man DreamWorks Standalone Superhero Comedy Megamind
56%
2015 Scarlet OverkillHerb Overkill Illumination Prequel Comedy Minions
56%
2014 SkipperKowalski DreamWorks Spin-Off Comedy Penguins of Madagascar
56%
2018 RalphVanellope Disney Sequel Comedy Ralph Breaks the Internet | Wreck-It Ralph 2
56%
2018 Miles MoralesGwen Stacy Sony Original Superhero Action Spider-Man: Into the Spider-Verse
56%
2017 Boss BabyFrancis Francis DreamWorks Original Comedy The Boss Baby
56%
2021 Ted Templeton Jr.Tim Templeton DreamWorks Sequel Comedy The Boss Baby: Family Business | The Boss Baby 2
56%
1981 TodCopper Disney Original Drama The Fox and the Hound
56%
2018 Bob ParrHelen Parr Pixar Sequel Action The Incredibles 2
56%
2014 EmmetLord Business Warner Bros. Original Comedy The Lego Movie
56%
2015 Charlie Brown Snoopy 20th Century Fox Standalone Comedy The Peanuts Movie
56%
2010 WoodyLotso Pixar Sequel Adventure Toy Story 3
56%
2019 WoodyForky Pixar Sequel Adventure Toy Story 4
56%
2013 TurboWhiplash DreamWorks Standalone Sports Turbo
56%
2023 AshaStar Disney Standalone Fantasy Wish
56%
2003 KenaiKoda Disney Original Adventure Brother Bear
44%
2009 Flint LockwoodSam Sparks Sony Original Comedy Cloudy with a Chance of Meatballs
44%
2012 Elsa Van HelsingMrs. Frankenstein Disney Standalone Horror Frankenweenie
44%
2026 MabelKing George Pixar Standalone Comedy Hoppers
44%
2005 AlexMarty DreamWorks Original Adventure Madagascar
44%
2008 AlexMarty DreamWorks Sequel Adventure Madagascar: Escape 2 Africa | Madagascar 2
44%
2022 GruWild Knuckles Illumination Prequel Comedy Minions: The Rise of Gru | Minions 2
44%
2020 Ian LightfootBarley Lightfood Pixar Standalone Fantasy Onward
44%
2020 Joe22 Pixar Standalone Fantasy Soul
44%
1970 O'Malley Duchess Disney Standalone Comedy The Aristocats
44%
2013 GrugGuy DreamWorks Original Adventure The Croods
44%
2019 EmmetWyldstyle Warner Bros. Sequel Comedy The Lego Movie 2
44%
2004 Hero BoyConductor Warner Bros. Standalone Adventure The Polar Express
44%
2023 MarioPrincess Peach Illumination Original Adventure The Super Mario Bros. Movie
44%
2022 MeilinMing Pixar Standalone Coming-of-age Turning Red
44%
2013 Flint LockwoodSam Sparks Sony Sequel Comedy Cloudy with a Chance of Meatballs 2
33%
2021 Greg HeffleyRowley Jefferson Disney Original Comedy Diary of a Wimpy Kid
33%
2022 Greg HeffleyRodrick Heffley Disney Sequel Comedy Diary of a Wimpy Kid: Rodrick Rules
33%
2023 Ember LumenWade Ripple Pixar Standalone Romance Elemental
33%
2025 Elio SolisGlordon Pixar Standalone Sci-Fi Elio
33%
2015 OhTip DreamWorks Standalone Sci-Fi Comedy Home
33%
2014 Mr. Peabody Sherman DreamWorks Standalone Adventure Mr. Peabody & Sherman
33%
2013 El ChupacabraDusty Crophopper Disney Original Adventure Planes
33%
2021 Buster MoonRosita Illumination Sequel Musical Sing 2
33%
2023 Miles MoralesMiguel O'Hara Sony Sequel Superhero Action Spider-Man: Across the Spider-Verse
33%
2002 Stuart LittleMrs. Little Columbia Pictures Sequel Comedy Stuart Little 2
33%
2020 GrugEep DreamWorks Sequel Adventure The Croods: A New Age | The Croods 2
33%
2015 ArloSpot Pixar Standalone Adventure The Good Dinosaur
33%
1999 Hogarth HughesDean McCoppin Warner Bros. Standalone Sci-Fi The Iron Giant
33%
1988 LittlefootDucky Universal Pictures Original Adventure The Land Before Time
33%
1998 MosesRameses DreamWorks Standalone Historical Drama The Prince of Egypt
33%
2000 TulioMiguel DreamWorks Standalone Adventure The Road to El Dorado
33%
2016 MaxDuke Illumination Original Comedy The Secret Life of Pets
33%
2019 MaxSnowball Illumination Sequel Comedy The Secret Life of Pets 2
33%
2009 #9#7 Focus Features Standalone Sci-Fi 9
22%
2006 BambiThe Great Prince Disney Prequel Drama Bambi II | Bambi 2
22%
1993 BatmanAndrea Beaumont Warner Bros. Standalone Superhero Batman: Mask of the Phantasm
22%
2024 Greg HeffleyRowley Jefferson Disney Sequel Comedy Diary of A Wimpy Kid: The Last Straw
22%
2006 SophieHowl Studio Ghibli Standalone Fantasy Howl's Moving Castle
22%
2025 RumiMira Sony Original Musical KPop Demon Hunters
22%
2012 Norman BabcockNeil Downe Laika Standalone Horror Paranorman
22%
2002 Peter PanCaptain Hook Disney Sequel Fantasy Return to Never Land
22%
2011 BluJewel 20th Century Fox Original Adventure Rio
22%
2014 BluJewel 20th Century Fox Sequel Adventure Rio 2
22%
2005 Rodney Copperbottom Fender 20th Century Fox Standaone Adventure Robots
22%
1970 Kris KringleWinter Warlock ABC Television Standalone Holiday Santa Claus Is Comin' to Town
22%
2004 OscarLenny DreamWorks Standalone Comedy Shark Tale
22%
2001 HakuChihiro Studio Ghibli Standalone Fantasy Spirited Away
22%
2008 Anakin SkywalkerAhsoka Tano Lucasfilm Ltd. Standalone Sci-Fi Star Wars: The Clone Wars
22%
2017 GeneHi-5 Sony Standalone Comedy The Emoji Movie
22%
2017 BatmanRobin Warner Bros. Standalone Superhero Comedy The LEGO Batman Movie
22%
2024 RozFink DreamWorks Standalone Adventure The Wild Robot
22%
2008 Tinker BellRosetta Disney Original Fantasy Tinker Bell
22%
2014 Tinker BellFawn Disney Sequel Fantasy Tinker Bell and the Legend of the NeverBeast | Tinker Bell 3
22%
1998 Z Princess Bala DreamWorks Standalone Adventure Antz
11%
2010 Batman Red Hood Warner Bros. Standalone Superhero Batman: Under the Red Hood
11%
2000 GingerRocky DreamWorks Original Comedy Chicken Run
11%
2006 Roddy St. JamesRita Malone DreamWorks Standalone Adventure Flushed Away
11%
1988 SetsukoSeita Studio Ghibli Standalone War Grave of the Fireflies
11%
2006 MumbleGloria Warner Bros. Original Musical Happy Feet
11%
2005 Red PuckettGranny Puckett Kanbar Entertainment Original Comedy Hoodwinked
11%
1989 KikiJiji Studio Ghibli Standalone Fantasy Kiki's Delivery Service
11%
2009 Susan MurphyGallaxhar DreamWorks Standalone Sci-Fi Monsters vs. Aliens
11%
2006 RJVerne DreamWorks Standalone Comedy Over the Hedge
11%
1999 Stan MarshEric Cartman Paramount Pictures Standalone Comedy South Park: Bigger, Longer, & Uncut
11%
2007 Cody MaverickBig Z Sony Original Comedy Surf's Up
11%
2022 Bob BelcherLouise Belcher 20th Century Studios Sequel Comedy The Bob's Burgers Movie
11%
2023 Mahito MakiThe Grey Heron Studio Ghibli Standalone Fantasy The Boy and the Heron
11%
2009 Tinker BellTerence Disney Sequel Fantasy Tinker Bell and the Lost Treasures | Tinker Bell 2
11%
2024 Optimus PrimeMegatron Paramount Amimation Prequel Action Transformers One
11%
1995 Seiji AmasawaShizuku Tsukishima Studio Ghibli Standalone Romance Whisper of the Heart
11%
2006 OtisBen Paramount Pictures Original Comedy Barnyard
0%
2022 Jabari Meadow Netflix Standalone Romance Entergalactic
0%
2011 MumbleErik Warner Bros. Sequel Musical Happy Feet Two
0%
2002 One Hundred and One Dalmatians Disney Original Sci-Fi Lilo & Stitch
0%
2008 RisaKôichi Studio Ghibli Standalone Fantasy Ponyo
0%
2012 Bunny North DreamWorks Standalone Comedy Rise of the Guardians
0%
2022 Suzume IwatoSouta Munakata CoMix Wave Films Standalone Fantasy Suzume
0%
2000 Chuckie FinsterTommy Pickles Paramount Pictures Original Comedy The Rugrats Movie
0%
No matching quizzes found
Score Distribution
Percent of People with Each Score
Percentile by Number Answered
Your Score History
You have not taken this quiz